Geography of marketing / (Record no. 25995)
[ view plain ]
| 000 -LEADER | |
|---|---|
| fixed length control field | 00973cam a22002895a 4500 |
| 001 - CONTROL NUMBER | |
| control field | 4156543 |
| 005 - DATE AND TIME OF LATEST TRANSACTION | |
| control field | 20180123114125.0 |
| 008 - FIXED-LENGTH DATA ELEMENTS--GENERAL INFORMATION | |
| fixed length control field | 781128t1979 enka frb 001 0 eng d |
| 020 ## - INTERNATIONAL STANDARD BOOK NUMBER | |
| International Standard Book Number | 0582489911 |
| 040 ## - CATALOGING SOURCE | |
| Original cataloging agency | DLC |
| Transcribing agency | DLC |
| Modifying agency | DLC |
| -- | EG-ScBUE |
| Language of cataloging | eng |
| 041 1# - LANGUAGE CODE | |
| Language code of text/sound track or separate title | eng |
| Language code of original and/or intermediate translations of text | fre |
| 082 04 - DEWEY DECIMAL CLASSIFICATION NUMBER | |
| Classification number | 380 |
| Edition number | 22 |
| Item number | BEA |
| 100 1# - MAIN ENTRY--PERSONAL NAME | |
| Personal name | Beaujeu-Garnier, Jacqueline. |
| 240 10 - UNIFORM TITLE | |
| Uniform title | <a href="Geographie du commerce.">Geographie du commerce.</a> |
| Language of a work | English |
| 245 10 - TITLE STATEMENT | |
| Title | Geography of marketing / |
| Statement of responsibility, etc | J. Beaujeu-Garnier, Annie Delobez ; translated by S. H. Beaver. |
| 250 ## - EDITION STATEMENT | |
| Edition statement | 1st ed. |
| 260 ## - PUBLICATION, DISTRIBUTION, ETC. (IMPRINT) | |
| Place of publication, distribution, etc | London ; |
| -- | New York : |
| Name of publisher, distributor, etc | Longman, |
| Date of publication, distribution, etc | c.1979. |
| 300 ## - PHYSICAL DESCRIPTION | |
| Extent | xxiii, 263 p. : |
| Other physical details | ill. ; |
| Dimensions | 24 cm. |
| 500 ## - GENERAL NOTE | |
| General note | Translation with new material of La geographie du commerce. |
| 504 ## - BIBLIOGRAPHY, ETC. NOTE | |
| Bibliography, etc | Includes bibliographical references and index. |
| 650 #7 - SUBJECT ADDED ENTRY--TOPICAL TERM | |
| Topical term or geographic name as entry element | Commercial geography. |
| Source of heading or term | BUEsh |
| 650 #7 - SUBJECT ADDED ENTRY--TOPICAL TERM | |
| Topical term or geographic name as entry element | Commerce. |
| Source of heading or term | BUEsh |
| 9 (RLIN) | 31817 |
| 653 ## - INDEX TERM--UNCONTROLLED | |
| Resource For college | Generalities |
| Arrived date list | January2018 |
| 700 1# - ADDED ENTRY--PERSONAL NAME | |
| Personal name | Delobez, Annie. |
| 700 1# - ADDED ENTRY--PERSONAL NAME | |
| Personal name | Beaver, Stanley Henry, |
| Relator term | translator. |
| 942 ## - ADDED ENTRY ELEMENTS (KOHA) | |
| Source of classification or shelving scheme | Dewey Decimal Classification |
| Withdrawn status | Item status | Source of classification or shelving scheme | Damaged status | Not for loan | Home library | Current library | Shelving location | Date acquired | Total Checkouts | Full call number | Barcode | Date last seen | Koha item type |
|---|---|---|---|---|---|---|---|---|---|---|---|---|---|
| Dewey Decimal Classification | Central Library | Central Library | First floor | 23/01/2018 | 380 BEA | 000047161 | 15/07/2025 | Book - Borrowing |